000 00890nam a2200217Ii 4500
003 JO-AjNU
008 230605s9999||||xx |||||||||||||| ||und||
017 _a1982/4157
040 _aJO-AjNU
_bara
_erda
_cJO-AjNU
041 _aara
050 1 4 _aKRM880.M8782 1982
100 3 _aتاليف مرقس، سليمان,
_eauthor
_947048
245 0 0 _aشرح قانون إيجار الأماكن وتنظيم العلاقة بين المؤجر والمستأجر ( القانون رقم 49/1977 ورقم 136/1981 والقوانين المكملة لهما)، ج1
250 _aط8
264 3 1 _aالقاهرة: د.ن، 1982
300 _aج1، 964ص
336 _atext
_btxt
_2rdacontent
337 _aunmediated
_bn
_2rdamedia
338 _avolume
_bnc
_2rdacarrier
650 4 _aالقانون المدني - مصر - عقود الايجار - قوانين وتشريعات - مصر
_947049
999 _aA20511
_c24079
_d24079